Normal view
MARC view
- Sreekala, G
Entry Personal Name
001 - CONTROL NUMBER
- control field: 2994
003 - CONTROL NUMBER IDENTIFIER
- control field: OSt
005 - DATE AND TIME OF LATEST TRANSACTION
- control field: 20180303123313.0
008 - FIXED-LENGTH DATA ELEMENTS
- fixed length control field: 180303|| aca||aabn | a|a d
040 ## - CATALOGING SOURCE
- Original cataloging agency: OSt
- Transcribing agency: OSt
100 ## - HEADING--PERSONAL NAME
- Personal name: Sreekala, G
670 ## - SOURCE DATA FOUND
- Source citation: Work cat.: (OSt)15327: JAMAL, A. B 2980, Design and operation of a solar powered automatic drip irrigation system, 1991
